000 02172nam a2200421 c 4500
003 BLK
005 20241108142337.0
008 180409b bul|||||r ||||||| ||bul||
010 _aKNG00123524000
020 _a978-954-431-627-3
_bиздат.: Златното пате
040 _aBLK
041 _aBUL
_cBUL
072 7 _2bullib
_aН85
_xДетска художествена литература Н
080 _aРуска литература
_b821.161.1
_x-93-1
_z821.161.1-93-1
100 1 _aСтепанов, Владимир Александрович
_eпърви автор
_9374745
700 1 _aФаттахова, Н.
_eил.
_9133511
700 1 _aПриходкин, Игор
_eил.
_9113032
700 _aЖекова, Ангелина Иванова
_d1944-
_9366328
700 _aЗлатарева, Миглена Звезденова
_9370981
139 _aСтепанов, Владимир Александрович
_bС 75
245 1 0 _aРожден ден в гората
_bПодарък за момиченца
_cВладимир Александрович Степанов; ил. Н. Фаттахова; ил. Игор Приходкин; прев. на стиховете Ангелина Иванова Жекова; прев. на стиховете Миглена Звезденова Златарева.
257 _aRUS
260 София
_bЗлатното пате
_c2010
_fСофия : Образование и наука
300 _a62 с.
_bс цв. ил.
_c20 см
380 _aDX
490 1 _aСерия Подарък за ...
500 _aОриг. загл. День рождения Мишутки / В. Степанов. - Авт. установен от доп. източник.
653 _aстихотворения за деца
653 _aдетска литература
653 _aлитература за деца
659 _aН
852 _aЦб 251895
856 4 _qpdf
_u
856 4 _qpdf
_u
942 _cKNG
_n0
_027
944 _aCR
_c14.06.2011
_lКети Илиева
_k30550
944 _aED
_c14.07.2017
_lф /
_kПенка_Димитрова
999 _c117923
_d117923